000 01101nam0a2200313 4500
001 RU\NLR\bibl\1125628
005 20260406103221.0
010 _a978-5-699-21654-3
_910000
021 _aRU
_b2007-49014
_92599
035 _a(NLR Aleph) 001112571
090 _a1247458
_c1247458
100 _a20070907d2007 |||y0rusy50 ca
101 0 _arus
102 _aRU
105 _aa |||||||||
200 1 _aПироги и печенье для ваших гостей
_f[отв. ред. Т. Радина]
210 _aМосква
_cЭксмо
_d2007
215 _a29, [3] с.
_cцв. ил.
_d23
225 1 _aПовар и поваренок
606 1 _aПироги
_xРецептура
_92077217
_3RU\NLR\auth\661252792
606 1 _aПеченье
_xРецептура
_91887793
_3RU\NLR\auth\66858372
686 1 _aЛ869
702 1 _4340
_8rus
_7ca
_aРадина
_bТ. С.
_cпопуляризатор
_3RU\NLR\AUTH\7788009
_970937
801 0 _aRU
_bNLR
_c20070907
_gRCR
801 1 _aRU
_bNLR
_c20070907
942 _cBOOK
980 _aNB